000 00784nam a2200253Ia 4500
003 OSt
005 20220918224641.0
006 a|||||r|||| 00| 0
007 ta
008 220917b |||||||| |||| 00| 0 eng d
020 _c2139.75
024 _a232,514
037 _b116, 22/10/2007, Prachi Book Distributor
_cTextual
040 _aARTS
_cARTS
_beng
041 _2eng
_aeng
082 _aO111:g(V:17), P0
100 _aKhan Fawzia Afzal Ed.
_9148651
245 0 _aPre-occupation of postcolonial studies
260 _aDurham
_bDuke University Press
_c2000
300 _avii,412p.
_ccm.
650 _aENGLISH LITERATURE
942 _hO111:g(V:17), P0
_cTEXL
_2CC
999 _c281953
_d281953